ბათუმის შოთა რუსთაველის სახელმწიფო უნივერსიტეტის ბიბლიოთეკა

თხზულებანი ხუთ ტომად. ტ. 5 (ბიბ.ჩანაწერი № 48719)

000 -LEADER
fixed length control field 00880nam a2200229Ia 4500
001 - CONTROL NUMBER
control field 15619
003 - CONTROL NUMBER IDENTIFIER
control field GE_BSU
008 - FIXED-LENGTH DATA ELEMENTS--GENERAL INFORMATION
fixed length control field 181216s||||||||xx |||||||||||||| ||und||
040 ## - CATALOGING SOURCE
Transcribing agency GE_BSU
080 ## - UNIVERSAL DECIMAL CLASSIFICATION NUMBER
Universal Decimal Classification number 821.161.1 + 821.161.1-32
100 ## - MAIN ENTRY--PERSONAL NAME
Personal name გორკი, მაქსიმ
245 ## - TITLE STATEMENT
Title თხზულებანი ხუთ ტომად. ტ. 5
245 ## - TITLE STATEMENT
Remainder of title მოთხრობები
245 ## - TITLE STATEMENT
Statement of responsibility, etc. თარგმ. არისტო ჭუმბაძისა, ლეო ქიაჩელისა ; პლ. ბებიას შენიშვნებით ; რედ.: დ. შენგელაია
260 ## - PUBLICATION, DISTRIBUTION, ETC.
Place of publication, distribution, etc. თბილისი
260 ## - PUBLICATION, DISTRIBUTION, ETC.
Name of publisher, distributor, etc. საბჭ. საქართველო
260 ## - PUBLICATION, DISTRIBUTION, ETC.
Date of publication, distribution, etc. 1960
300 ## - PHYSICAL DESCRIPTION
Extent 349 გვ.
653 ## - INDEX TERM--UNCONTROLLED
Uncontrolled term თხზულებანი.
653 ## - INDEX TERM--UNCONTROLLED
Uncontrolled term მოთხრობები
942 ## - ADDED ENTRY ELEMENTS (KOHA)
Koha item type წიგნი
ეგზემპლარები
Withdrawn status Lost status Damaged status Not for loan Date acquired Barcode Date last seen Price effective from Koha item type
        2018-12-17 21144 2018-12-17 2018-12-17 წიგნი
        2018-12-17 21145 2018-12-17 2018-12-17 წიგნი
        2018-12-17 21146 2018-12-17 2018-12-17 წიგნი